000 01451nam a2200385 i 4500
001 49871
003 KOSZ 005
005 20210316092738.0
008 120203s2011 pl |001 0 pol
020 _a9788324948260
040 _cBPK
041 0 _apol
_beng
044 _aPOL
080 _a624.13
080 _a624.14
080 _a693
080 _a551.58
080 _a(083.1)
245 0 0 _aWykonywanie robót budowlanych w okresie obniżonej temperatury :
_bwytyczne = Construction works in periods of low temperature : guidelines /
_czespół aut. Joanna Babińska [et al.].
246 3 1 _aConstruction works in periods of low temperature : guidelines
260 _aWarszawa :
_bInstytut Techniki Budowlanej,
_c2011.
300 _a164, [1] s. :
_bil. ;
_c24 cm.
490 1 _aInstrukcje, Wytyczne, Poradniki / Instytut Techniki Budowlanej ;
_v282/2011
504 _aBibliogr. przy rozdz.
650 4 _aBudownictwo
650 4 _aRoboty zimowe
650 4 _aRoboty ziemne
658 _aArchitektura i budownictwo
658 _aInżynieria i technika
700 1 _aBabińska, Joanna
_eAutor
830 0 _aInstrukcje, Wytyczne, Poradniki - Instytut Techniki Budowlanej
_v282/2011
856 _uhttp://koha.tu.koszalin.pl/cgi-bin/koha/opac-detail.pl?biblionumber=49871
_yKatalog online BPK
942 _cKS
_2UKD
999 _c49871
_d49871